Bad - Trencsénteplicz - fürdő Gyógyház : Kursalon
Zobrazenie: Pohľad sprava na záhradnú reštauráciu v Kúpeľnej dvorane, vľavo v popredí dve deti pri oplotenom záhone
| Médium: | Pohľadnica |
|---|---|
| Jazyk: | maďarčina nemčina |
| Fyzický popis: | 1 pohľadnica čiernobiela 9 x 14 cm |
| Vydavateľské údaje: |
[Slovensko?]
[vydavateľ neznámy]
[1918?]
|
| Predmet: |
MARC
| LEADER | 00000ckm a2200000 a 4500 | ||
|---|---|---|---|
| 001 | vtls011767494 | ||
| 003 | SK-MaSNL | ||
| 005 | 20260512123533.0 | ||
| 007 | kp bo | ||
| 008 | 230706q1918 xo g kuhun | ||
| 015 | |a SNBG1918 | ||
| 035 | |a urn:nbn:sk:snk-km00eb45 | ||
| 035 | |a urn:nbn:sk:snk-km43g22 | ||
| 035 | |a 10168479-0F58-4EFC-BE01-188A412626BB | ||
| 040 | |a SNK |b slo |c SNK |e AACR2 | ||
| 041 | 0 | |a hun |a ger | |
| 043 | |a e-xo--- | ||
| 044 | |a xo |c SK | ||
| 072 | 7 | |a 913 |x Regionálna geografia |2 konspekt | |
| 080 | |a 913(437.6) |2 2011 | ||
| 080 | |a 711.455:615.838 |2 2011 | ||
| 080 | |a (084.121) |2 2011 | ||
| 080 | |a 614.2:[725.1:614.21] |2 2011 | ||
| 245 | 0 | 0 | |a Bad - Trencsénteplicz - fürdő |h grafika |b Gyógyház : Kursalon |
| 246 | 3 | 3 | |a Bad - Trencsénteplicz |b Kursalon |
| 246 | 3 | 3 | |a Trencsénteplicz - fürdő |b Gyógyház |
| 260 | |a [Slovensko?] |b [vydavateľ neznámy] |c [1918?] | ||
| 300 | |a 1 pohľadnica |b čiernobiela |c 9 x 14 cm | ||
| 500 | |a Názvové údaje prevzaté z obrazovej časti pohľadnice | ||
| 520 | 8 | |a Zobrazenie: Pohľad sprava na záhradnú reštauráciu v Kúpeľnej dvorane, vľavo v popredí dve deti pri oplotenom záhone | |
| 546 | |a Hlavný názov je kombináciou dvoch jazykov: nemčiny a maďarčiny ; podnázov súbežne v maďarčine a nemčine | ||
| 610 | 2 | 7 | |a Kúpele Trenčianske Teplice (Slovensko) |2 SNKKA |9 189670 |
| 650 | 0 | 7 | |a kúpele |2 SNKPH |9 1139 |
| 650 | 0 | 7 | |a liečebne |2 SNKPH |9 56920 |
| 651 | 7 | |a Trenčianske Teplice (Slovensko) |2 SNKPHgeo |9 14503 | |
| 655 | 7 | |a miestne pohľadnice |2 SNKPH |9 70510 | |
| 752 | |a Slovensko |d Trenčianske Teplice | ||
| 852 | |a Slovenská národná knižnica | ||
| 958 | |a GBN | ||
| 958 | |a ONDV | ||
| 958 | |a GC | ||
| 999 | |c 770587 |d 772517 | ||
| 952 | |a SNK |b SNK |y PREZ |7 0 |p 17A1334518 |o snkSP 105306 |z Pohľadnica prešla poštou. |0 0 |1 0 |4 0 |d 2018-07-18 |f 1 |l 0 |r 2026-02-24 00:33:29 |w 2026-02-24 | ||


